Oracle essentials: Oracle9i, Oracle8i, and Oracle8 (Record no. 542)

MARC details
000 -LEADER
fixed length control field 00668nam a2200241Ia 4500
003 - CONTROL NUMBER IDENTIFIER
control field OSt
005 - DATE AND TIME OF LATEST TRANSACTION
control field 20220107122610.0
008 - FIXED-LENGTH DATA ELEMENTS--GENERAL INFORMATION
fixed length control field 130318s9999 xx 000 0 und d
020 ## - INTERNATIONAL STANDARD BOOK NUMBER
International Standard Book Number 8173664110
040 ## - CATALOGING SOURCE
Transcribing agency IIITMKLIB
082 ## - DEWEY DECIMAL CLASSIFICATION NUMBER
Classification number 005.7585O GRE/O
100 ## - MAIN ENTRY--PERSONAL NAME
Personal name Greenwald, Rick
9 (RLIN) 11270
245 ## - TITLE STATEMENT
Title Oracle essentials: Oracle9i, Oracle8i, and Oracle8
250 ## - EDITION STATEMENT
Edition statement 2
260 ## - PUBLICATION, DISTRIBUTION, ETC.
Name of publisher, distributor, etc. Oreilly/Shroff Publishers and Distributors
Place of publication, distribution, etc. Mumbai
Date of publication, distribution, etc. 2001
300 ## - PHYSICAL DESCRIPTION
Extent 364
650 ## - SUBJECT ADDED ENTRY--TOPICAL TERM
Topical term or geographic name entry element DATABASE MANAGEMENT SYSTEMS
9 (RLIN) 11271
650 ## - SUBJECT ADDED ENTRY--TOPICAL TERM
Topical term or geographic name entry element DBMS
9 (RLIN) 11272
650 ## - SUBJECT ADDED ENTRY--TOPICAL TERM
Topical term or geographic name entry element ORACLE
9 (RLIN) 11273
700 ## - ADDED ENTRY--PERSONAL NAME
Personal name Stackowiak, Robert
9 (RLIN) 11274
700 ## - ADDED ENTRY--PERSONAL NAME
Personal name Stern, Jonathan
9 (RLIN) 11275
942 ## - ADDED ENTRY ELEMENTS (KOHA)
Source of classification or shelving scheme Dewey Decimal Classification
Koha item type Books
Holdings
Withdrawn status Lost status Damaged status Not for loan Home library Current library Shelving location Date acquired Cost, normal purchase price Total Checkouts Full call number Barcode Date last seen Price effective from Koha item type
        Kerala University of Digital Sciences, Innovation and Technology Knowledge Centre Kerala University of Digital Sciences, Innovation and Technology Knowledge Centre Computer Science 18/03/2013 199.00   005.7585O GRE/O 545 18/03/2013 18/03/2013 Books